[Event "ITA-ch U16"]
[Site "Montesilvano"]
[Date "2015.07.03"]
[Round "6"]
[White "Cassanelli, Emilio"]
[Black "Bettalli, Francesco"]
[Result "0-1"]
[WhiteElo "1496"]
[BlackElo "1889"]
[PlyCount "68"]
[EventDate "2015.06.29"]
[EventType "swiss"]
[EventRounds "9"]
[EventCountry "ITA"]
[SourceTitle "EXT 2024"]
[Source "ChessBase"]
[SourceDate "2023.10.10"]
[SourceVersion "1"]
[SourceVersionDate "2023.10.10"]
[SourceQuality "1"]

1. e4 c5 2. d4 cxd4 3. c3 dxc3 4. Nxc3 Nc6 5. Nf3 e6 6. Bc4 a6 7. a4 Qc7 8. 0-0 Bd6 9. Qe2 Nge7 10. Rd1 Ng6 11. h3 b6 12. Be3 Bf4 13. Rac1 Bxe3 14. Qxe3 Qf4 15. Qxf4 Nxf4 16. Rd2 Ke7 17. Re1 d6 18. Red1 Rd8 19. Rb1 Bb7 20. b4 Rac8 21. Bf1 Nb8 22. Rb3 Nd7 23. g3 Ng6 24. Bg2 Nf6 25. Nd4 d5 26. exd5 Nxd5 27. Nxd5+ Bxd5 28. Re3 Bxg2 29. Kxg2 Rd5 30. Kh2 Rc4 31. Red3 Ne5 32. Re3 Rcxd4 33. Rxd4 Rxd4 34. Rxe5 Rxb4 0-1